Zákon o změnách v sociálním zabezpečení.

Komentár k zákonu o zmenách, v sociálnom zabezpečení, ktorý bol prijatý 15. júla 1991 pod číslom 306/1991 Zb. Príplatky k dôchodkom podľa zákona o súdnej rehabilitácii. Starobný dôchodok vyplácaný samostatne zárobkove činným dôchodcom. Zásady dôchodkového pripoistenia.

Gespeichert in:
Bibliographische Detailangaben
1. Verfasser: Břeská, N.
Weitere Verfasser: Voříšek, V.
Format: Buchkapitel
Sprache:Tschechisch
Schlagworte:
Tags: Tag hinzufügen
Keine Tags, Fügen Sie das erste Tag hinzu!

MARC

LEADER 00000naa a2200000 4500
001 r006149
005 20221125081055.1
041 0 |a cze 
044 |a [CS] 
245 1 0 |a Zákon o změnách v sociálním zabezpečení.  |c N. Břeská, V. Voříšek 
520 |a Komentár k zákonu o zmenách, v sociálnom zabezpečení, ktorý bol prijatý 15. júla 1991 pod číslom 306/1991 Zb. Príplatky k dôchodkom podľa zákona o súdnej rehabilitácii. Starobný dôchodok vyplácaný samostatne zárobkove činným dôchodcom. Zásady dôchodkového pripoistenia. 
610 2 0 |a zabezpečenie sociálne 
610 2 0 |a zákony 
610 2 0 |a dôchodky sociálne 
610 2 0 |a dôchodky starobné 
610 2 0 |a čiastka poistná 
610 2 0 |a ČSFR 
610 2 0 |a 1991 
100 1 |a Břeská, N. 
700 1 |a Voříšek, V.